| 000 | 00661nam a2200205Ia 4500 | ||
|---|---|---|---|
| 003 | OSt | ||
| 005 | 20240715094509.0 | ||
| 008 | 210210b2003 xxu||||| |||| 00| 0 eng d | ||
| 040 | _cAL | ||
| 041 | _aKannada | ||
| 082 | _aK894.1 JAVB | ||
| 100 |
_aJAVED AKHTAR. _dಜಾವೇದ್ ಅಖ್ತರ್ _9173468 |
||
| 245 |
_aBattalike: kavanagalu mattu gazalgalu. _bಬತ್ತಳಿಕೆ: ಕವನಗಳು ಮತ್ತು ಗಜಲ್ ಗಳು |
||
| 260 |
_aPutturu _bKarnataka Sangha _c2003 |
||
| 300 | _axxiv,210 | ||
| 650 |
_aGajalgalu Gazal Gajal Kanaka Ha Ma _9173469 |
||
| 690 |
_aKannada Poetry _9173470 |
||
| 906 | _a060352 | ||
| 942 |
_2ddc _cBK |
||
| 999 |
_c107280 _d107280 |
||